The Diabetes mellitus manual : (Record no. 16055)
[ view plain ]
| 000 -LEADER | |
|---|---|
| fixed length control field | 01347cam a22003135a 4500 |
| 001 - CONTROL NUMBER | |
| control field | 13596157 |
| 005 - DATE AND TIME OF LATEST TRANSACTION | |
| control field | 20190314131121.0 |
| 008 - FIXED-LENGTH DATA ELEMENTS--GENERAL INFORMATION | |
| fixed length control field | 040518s2005 nyua frbf 001 0 eng d |
| 010 ## - LIBRARY OF CONGRESS CONTROL NUMBER | |
| LC control number | 2004052413 |
| 020 ## - INTERNATIONAL STANDARD BOOK NUMBER | |
| International Standard Book Number | 0071431292 |
| 020 ## - INTERNATIONAL STANDARD BOOK NUMBER | |
| International Standard Book Number | 9780071431293 |
| 040 ## - CATALOGING SOURCE | |
| Original cataloging agency | DLC |
| Language of cataloging | eng |
| Transcribing agency | DLC |
| Modifying agency | DLC |
| -- | EG-ScBUE |
| 082 04 - DEWEY DECIMAL CLASSIFICATION NUMBER | |
| Classification number | 616.462 |
| Item number | DIA |
| Edition number | 22 |
| 245 04 - TITLE STATEMENT | |
| Title | The Diabetes mellitus manual : |
| Remainder of title | a primary care companion to Ellenberg and Rifkin's / |
| Statement of responsibility, etc | Edited by Silvio E. Inzucchi ... [et al.]. |
| 250 ## - EDITION STATEMENT | |
| Edition statement | 6th ed. |
| 260 ## - PUBLICATION, DISTRIBUTION, ETC. (IMPRINT) | |
| Place of publication, distribution, etc | New York : |
| Name of publisher, distributor, etc | McGraw-Hill / Medical Publishing Division, |
| Date of publication, distribution, etc | c.2005. |
| 300 ## - PHYSICAL DESCRIPTION | |
| Extent | xii, 498 p. : |
| Other physical details | ill. ; |
| Dimensions | 20 cm. |
| 504 ## - BIBLIOGRAPHY, ETC. NOTE | |
| Bibliography, etc | Includes bibliographical references and index. |
| 650 #7 - SUBJECT ADDED ENTRY--TOPICAL TERM | |
| Topical term or geographic name as entry element | Diabetes |
| Form subdivision | Handbooks, manuals, etc. |
| Source of heading or term | BUEsh |
| 9 (RLIN) | 27258 |
| 651 ## - SUBJECT ADDED ENTRY--GEOGRAPHIC NAME | |
| Source of heading or term | BUEsh |
| 653 ## - INDEX TERM--UNCONTROLLED | |
| Resource For college | Pharmacy |
| Arrived date list | September2011 |
| -- | March2019 |
| 700 1# - ADDED ENTRY--PERSONAL NAME | |
| Personal name | Inzucchi, Silvio E., |
| Relator term | editor. |
| 9 (RLIN) | 27259 |
| 730 0# - ADDED ENTRY--UNIFORM TITLE | |
| Uniform title | Ellenberg and Rifkin's diabetes mellitus. |
| 9 (RLIN) | 27262 |
| 856 42 - ELECTRONIC LOCATION AND ACCESS | |
| Materials specified | Publisher description |
| Uniform Resource Identifier | <a href="http://www.loc.gov/catdir/description/mh051/2004052413.html">http://www.loc.gov/catdir/description/mh051/2004052413.html</a> |
| 856 41 - ELECTRONIC LOCATION AND ACCESS | |
| Materials specified | Table of contents |
| Uniform Resource Identifier | <a href="http://www.loc.gov/catdir/toc/mh041/2004052413.html">http://www.loc.gov/catdir/toc/mh041/2004052413.html</a> |
| 856 42 - ELECTRONIC LOCATION AND ACCESS | |
| Materials specified | Book review (E-STREAMS) |
| Uniform Resource Identifier | <a href="http://www.e-streams.com/es0911/es0911_4515.html">http://www.e-streams.com/es0911/es0911_4515.html</a> |
| 856 42 - ELECTRONIC LOCATION AND ACCESS | |
| Materials specified | Contributor biographical information |
| Uniform Resource Identifier | <a href="http://www.loc.gov/catdir/enhancements/fy0739/2004052413-b.html">http://www.loc.gov/catdir/enhancements/fy0739/2004052413-b.html</a> |
| 942 ## - ADDED ENTRY ELEMENTS (KOHA) | |
| Source of classification or shelving scheme | Dewey Decimal Classification |
| Withdrawn status | Item status | Source of classification or shelving scheme | Damaged status | Not for loan | Vendor | Home library | Current library | Shelving location | Date acquired | Source of acquisition | Cost, normal purchase price | Serial Enumeration / chronology | Total Checkouts | Total Renewals | Full call number | Barcode | Date last seen | Date last borrowed | Koha item type |
|---|---|---|---|---|---|---|---|---|---|---|---|---|---|---|---|---|---|---|---|
| Dewey Decimal Classification | Baccah | Central Library | Central Library | First floor | 19/09/2011 | Purchase | 335.70 | 143 | 19 | 21 | 616.462 DIA | 000044384 | 15/07/2025 | 25/03/2015 | Book - Borrowing |